Top 10 najpotężniejszych eliksirów Harry Potter - Statystyki

Ogólne statystyki
  • Ten quiz został rozwiązany 260 razy
  • Średni wynik to 4 z 10
Statystyki odpowiedzi
Działanie Odpowiedź % Poprawnych
powoduje że wszystko się udaję felix felicis
82%
zmusza do mówienia prawdy veritaserum
78%
pozwala przybrać postać innej osoby Eliksir wielosokowy
77%
Wywołuje uczucie miłości Amortencja
65%
Mikstura powodująca silne omdlenia wywar żywej śmierci
35%
przedłuża życie i wskrzesza zmarłych eliksir życia
33%
przywołuje najgorsze wspomnienia Eliksir rozpaczy
13%
leczy rany eliksir wiggenowy
8%
Lek na choroby Antidotum
5%
Jest bardzo silną trucizną Eliksir nr 86
3%
Nie znaleziono quizów pasujących do podanych kryteriów
Rozkład punktacji
Procent ludzi z każdym wynikiem
Percentyl według liczby udzielonych odpowiedzi
Twoja historia wyników
Nie rozwiązałeś tego quizu